El ABC De Quatro Pro para Windows / Alan Simpson... [et al]. (Registro nro. 12711)
[ vista simple ]
| 000 -LÍDER | |
|---|---|
| fixed length control field | 00548nam a2200169 4500 |
| 008 - ELEMENTOS DE LONGITUD FIJA -- INFORMACIÓN GENERAL | |
| fixed length control field | 0 1992 0a 000 0MEX |
| 020 ## - NÚMERO INTERNACIONAL NORMALIZADO PARA LIBROS | |
| ISBN | 0-7821-1046-0 |
| 050 ## - SIGNATURA TOPOGRAFICA DE LA BIBLIOTECA DEL CONGRESO (LC) | |
| Número de Clasificación | HF5548.4 Q39 S5718 |
| 082 ## - NUMERO DE CLASIFICACION DECIMAL DEWEY | |
| Número de Clasificación | 001.642.5 S795a |
| 100 ## - ASIENTO PRINCIPAL--NOMBRE PERSONAL | |
| Nombre personal | Simpson, Alan |
| 245 ## - TÍTULO | |
| Título | El ABC De Quatro Pro para Windows / Alan Simpson... [et al]. |
| 260 ## - PUBLICACIÓN, DISTRIBUCIÓN, ETC. (PIE DE IMPRENTA) | |
| Lugar de publicación, distribución, etc. | México : Sybex |
| 300 ## - DESCRIPCIÓN FÍSICA | |
| Extensión | xxiv, 367 p. / 24 cm. |
| 500 ## - NOTA GENERAL | |
| Nota general | Contiene Ap‚ndice e Indice |
| 650 ## - ASIENTO SECUNDARIO DE MATERIA - TERMINO TEMÁTICO | |
| Término temático o nombre geográfico como elemento de entrada | 1.NEGOCIOS-PROCESAMIENTO DE DATOS \ 2.HOJA ELECTRONICA DE CALCULO |
| 700 ## - ASIENTO SECUNDARIO - NOMBRE PERSONAL | |
| Nombre personal | Wolf, Douglas J. |
| No. biblioteca | No. biblioteca | Número de clasificación | Código de barras/Número de adquisición | Número de copia | Tipo de material |
|---|---|---|---|---|---|
| LUIS G. INCLAN | LUIS G. INCLAN | 001.642.5 S795a | 25030 | 1 | Libros |
